|
|
|
|
| LEADER |
01380nam a2200373 a 4500 |
| 001 |
EBC730843 |
| 003 |
MiAaPQ |
| 005 |
20200520144314.0 |
| 006 |
m o d | |
| 007 |
cr cn||||||||| |
| 008 |
110721s2011 enka sb 001 0 eng d |
| 020 |
|
|
|z 9780857249098
|
| 020 |
|
|
|a 9780857249104 (electronic bk.)
|
| 035 |
|
|
|a (MiAaPQ)EBC730843
|
| 035 |
|
|
|a (Au-PeEL)EBL730843
|
| 035 |
|
|
|a (CaPaEBR)ebr10482210
|
| 035 |
|
|
|a (CaONFJC)MIL316038
|
| 035 |
|
|
|a (OCoLC)741492747
|
| 040 |
|
|
|a MiAaPQ
|c MiAaPQ
|d MiAaPQ
|
| 050 |
|
4 |
|a P325
|b .M35 2011
|
| 245 |
0 |
0 |
|a Making semantics pragmatic
|h [electronic resource] /
|c edited by Ken Turner.
|
| 250 |
|
|
|a 1st ed.
|
| 260 |
|
|
|a Bingley, U.K. :
|b Emerald,
|c 2011.
|
| 300 |
|
|
|a xii, 228 p. :
|b ill.
|
| 490 |
1 |
|
|a Current research in the semantics/pragmatics interface,
|x 1472-7870 ;
|v v. 24
|
| 504 |
|
|
|a Includes bibliographical references and index.
|
| 533 |
|
|
|a Electronic reproduction. Ann Arbor, MI : ProQuest, 2015. Available via World Wide Web. Access may be limited to ProQuest affiliated libraries.
|
| 650 |
|
0 |
|a Semantics.
|
| 650 |
|
0 |
|a Pragmatics.
|
| 655 |
|
4 |
|a Electronic books.
|
| 700 |
1 |
|
|a Turner, Ken.
|
| 710 |
2 |
|
|a ProQuest (Firm)
|
| 830 |
|
0 |
|a Current research in the semantics/pragmatics interface ;
|v v. 24.
|
| 856 |
4 |
0 |
|u https://ebookcentral.proquest.com/lib/matrademy/detail.action?docID=730843
|z Click to View
|